000 01050nam a2200229Ia 4500
008 130821s2010 ck gr spa
020 _a978 958 719 573 6
040 _aCo-BoUCM
_bspa
041 0 0 _aspa
111 2 _aCátedra latinoamericana de museología y gestión del patrimonio cultural
_n1 :d2007
_cBogotá
_9168679
245 0 0 _aMuseos, Universidad y mundialización la gestión de las colecciones y los museos universitarios en América Latina y el Caribe
_ccompilador y editor Willian Alfonso López
260 _aBogotá (Colombia)
_bUniversidad Nacional de Colombia
_c2010
300 _a189 páginas
650 _aBibliotecología
_910049
650 _aMuseografía
_zAmérica Latina
_919970
650 _aMuseos
_xAdministración de colecciones
_919971
650 _aMuseos
_xAdministración
_zAmérica Latina
_919971
700 1 _aLópez, Willian Alfonso
_dcomp.
_9168680
710 1 _aUniversidad Nacional de Colombia
_bFacultad de Artes
_9141804
942 _cLIBRO
_a3
_e1
_mC357m
_2DEWEY
_h069.4
999 _c73610
_d73610